| 000 | 00358nam a2200145Ia 4500 | ||
|---|---|---|---|
| 003 | OSt | ||
| 005 | 20240330122934.0 | ||
| 008 | 170524s9999 xx 000 0 und d | ||
| 020 | _a 8174466304 | ||
| 040 | _cIIMT UNIVERSITY | ||
| 100 | _aRelvaraj | ||
| 245 | 0 | _aQuantitative Methods in Management Problems & Soloution | |
| 260 | _aExcel | ||
| 942 |
_2ddc _c02 |
||
| 999 |
_c3206 _d3206 |
||